| 000 | 00495nam a22001457a 4500 | ||
|---|---|---|---|
| 999 |
_c133430 _d133430 |
||
| 005 | 20240314100950.0 | ||
| 008 | 240314b ||||| |||| 00| 0 eng d | ||
| 040 | _cPK-LaUMT | ||
| 082 |
_aAPC 297.2111 _bASG-R |
||
| 100 | _aAsghar Ali Ijaz Chishti = اصغر علی اعجاز چشتی | ||
| 245 |
_aRabb i kainat = رب کائنات / _cby Asghar Ali Ijaz Chishti = اصغر علی اعجاز چشتی |
||
| 260 |
_aLahore ; _bAndaz Publications, _c2006 |
||
| 300 | _a287 p. | ||
| 942 | _cBK | ||